KOHA-Header-6

Business Government and Society (Record no. 7032)

000 -LEADER
fixed length control field 00268nam a2200109Ia 4500
100 ## - MAIN ENTRY--AUTHOR NAME
Personal name George A. Steiner
245 #0 - TITLE STATEMENT
Title Business Government and Society
260 ## - PUBLICATION, DISTRIBUTION, ETC. (IMPRINT)
Place of publication U.S.A.
Name of publisher Pearson
Year of publication 1997
300 ## - PHYSICAL DESCRIPTION
Number of Pages 668
942 ## - ADDED ENTRY ELEMENTS (KOHA)
Koha item type Books
Holdings
Withdrawn status Lost status Collection code Permanent Location Current Location Shelving location Date acquired Full call number Accession Number Koha item type
    Business MAJU MAJU   2019-09-11 658.2 636 Business

Powered by Koha